banner-ar

موسوعة الشركات التجارية: شركات الاشخاص والاموال والاستثمار (Record no. 59154)

MARC details
000 -الفاتح
حقل البيانات ثابتة الطول 00462nam a2200133Ia 4500
008 - عناصر البيانات ثابتة الطول - معلومات عامة
حقل البيانات ثابتة الطول 140319s9999 xx 000 0 ara d
040 ## - مصدر الفهرسة
وكالة الفهرسة الأصلية GCL /
وكالة النسخ GCL
082 04 - رقم تصنيف ديوى العشرى
رقم التصنيف 346.07
رقم المادة ع م
245 10 - بيان العنوان
العنوان موسوعة الشركات التجارية: شركات الاشخاص والاموال والاستثمار
260 ## - PUBLICATION, DISTRIBUTION, ETC. (IMPRINT)
تاريخ النشر أو التوزيع 1992
300 ## - الوصف المادى
التعداد 4137 ص
490 ## - بيان السلسلة
عنوان السلسلة الكتب القانونية
رقم المجلد/ التعيين التسلسلي 0
260 ## - PUBLICATION, DISTRIBUTION, ETC. (IMPRINT)
-- [S.N] :
-- منشاة المعارف الاسلامية ،
Holdings
حالة التراجع حالة الفقد حالة تلف ليس للاعارة المكان المؤقت الموقع الحالى تاريخ الاكتساب اجمالي اﻻعارات رقم الطلب الباركود تاريخ اخر مشاهدة تاريخ تفعيل السعر نوع وعاء كوها
        مكتبة القاهرة الكبرى مكتبة القاهرة الكبرى 03/26/2014   346.07\ع م 153415 03/26/2014 03/26/2014 كتاب

Powered By

EGPV